00275nam a2200109Ia 4500008004100000041000800041100001400049245003900063260002700102650001500129999002100144240109s9999 xx 000 0 und d aeng aKhrapkov. aProblems in Quantitative Analysis. bMIR Publishar Moscow.  aManagement c1019753d1019753